Normal view
MARC view
Entry Personal Name
001 - CONTROL NUMBER
- control field: 8616
003 - CONTROL NUMBER IDENTIFIER
- control field: BD-RjUL
005 - DATE AND TIME OF LATEST TRANSACTION
- control field: 20230827124337.0
008 - FIXED-LENGTH DATA ELEMENTS
- fixed length control field: 230827|| aca||aabn | a|a d
040 ## - CATALOGING SOURCE
- Original cataloging agency: BD-RjUL
- Transcribing agency: BD-RjUL
100 ## - HEADING--PERSONAL NAME
- Personal name: মুজিবুর রহমান , শেখ,
- Dates associated with a name: ১৯২০-১৯৭৫
670 ## - SOURCE DATA FOUND
- Source citation: Work cat.: (BD-RjUL)81784: আলী, মোঃ হাসমত 8615, বঙ্গবন্ধু ও রবীন্দ্রনাথ ঠাকুরের স্বরুপ অন্বেষণ /, ২০২১